000 00728nam a2200253Ia 4500
003 OSt
005 20220928113621.0
006 a|||||r|||| 00| 0
007 ta
008 220927b |||||||| |||| 00| 0 eng d
020 _cUSD 145.00
024 _a136600
037 _b40, 17/11/2017, Kiran Book Service
_cTextual
040 _aSDCL
_cSDCL
_beng
041 _2eng
_aeng
082 _a4, Q7
100 _aWebster Alley Ed.
_9434068
245 0 _aMass media
_b Theory and practice
260 _aNew York
_b Willford Press
_c2017
300 _avii,228p.
_ccm.
650 _aHindi
_9391598
942 _h4, Q7
_cTEXL
_2CC
999 _c750456
_d750456